Educación infantil: contenidos, procesos y experiencias

Αποθηκεύτηκε σε:
Λεπτομέρειες βιβλιογραφικής εγγραφής
Κύριοι συγγραφείς: Sáinz, María Carmen (Συγγραφέας), Argos, Javier (Συγγραφέας)
Μορφή: Βιβλίο
Γλώσσα:Ισπανικά
Έκδοση: Madrid Narcea 2001
Έκδοση:3a. ed
Σειρά:Colección Educación Hoy. Estudios
Θέματα:
Ετικέτες: Προσθήκη ετικέτας
Δεν υπάρχουν, Καταχωρήστε ετικέτα πρώτοι!

MARC

LEADER 00000nam a2200000 a 4500
001 UCL9558
003 CL-VaPUC
008 040813e20010000SP |||||||||||||||||spa|d
020 |a 8427712413 
082 0 4 |a 372.21  |b SAI  |2 21 
100 0 |a Sáinz, María Carmen  |e author  |9 487429 
700 0 |a Argos, Javier  |e author  |9 487430 
245 1 0 |a Educación infantil: contenidos, procesos y experiencias 
250 |a 3a. ed 
300 |a 314 p 
942 |c BK 
945 |d 20040813 00:00:00  |a cmena 
260 |a Madrid  |b Narcea  |c 2001 
650 0 |a Educación preescolar  |9 260381 
650 0 |a Jardines infantiles  |9 307427 
650 0 |a Educación sexual  |9 308005 
650 0 |a Planificación del currículo  |9 269599 
650 0 |a Salud mental  |9 308393 
650 0 |a Creatividad   |9 310816 
583 |a last modification  |c 20040813 00:00:00  |k Rodrigo Vera 
490 0 |a Colección Educación Hoy. Estudios 
999 |c 310308  |d 310306 
952 |0 0  |1 0  |4 0  |6 372_210000000000000_SAI_2001  |7 0  |8 A  |9 378605  |a BIBEDU  |b BIBEDU  |d 2019-11-21  |i 4047958  |o 372.21 SAI 2001  |p 4047958  |r 2019-11-21  |w 2019-11-21  |y BK  |k EPE 
952 |0 0  |1 0  |4 0  |6 372_210000000000000_SAI_2001  |7 0  |8 A  |9 378606  |a BIBEDU  |b BIBEDU  |d 2019-11-21  |i 4481151  |o 372.21 SAI 2001  |p 4481151  |r 2019-11-21  |w 2019-11-21  |y BK  |k PAR